Využití metody controllingu ve veřejných knihovnách příručka efektivního řízení

Bibliographic Details
Corporate Authors: Komission des Deutschen Bibliotheksinstituts für Organisation und Betrieb (Author), Expertengruppe Controlling in Öffentlichen Bibliotheken (Author)
Other Authors: Pilař, Jindřich (Translator)
Format: Book
Language:Czech
PhysicalDescription:104 s. tab., sch. 21 cm
Published: Praha Národní knihovna České republiky 1996
ISBN:8070502266
Edition:1. vyd.
Series:Studijní texty
Subjects:

MARC

LEADER 00000nam a2200000 a 4500
001 vtls001332123
003 SK-MaSNL
005 20260301114406.0
008 251113sm y0 xr a r 0 cze
020 |a 8070502266 
035 |a SNK000285019 
040 |a SNK  |b slo  |c SNK  |e AACR2 
041 0 |a cze 
044 |a CZ 
072 7 |2 konspekt  |a 023 
080 |a 027.4/.5  |2 1981 
080 |a 023  |2 1981 
080 |a 658.01  |2 1981 
080 |a (035)  |2 1981 
240 1 0 |a Controlling für Öffentliche Bibliotheken  |l Česky 
245 1 |a Využití metody controllingu ve veřejných knihovnách  |b příručka efektivního řízení  |c Komise Německého knihovnického institutu pro otázky organizace a provozu, Odborná skupina pro otázky controllingu ve veřejných knihovnách ; [z německého originálu ... přeložil Jindřich Pilař] 
250 |a 1. vyd. 
260 |a Praha  |b Národní knihovna České republiky  |c 1996 
300 |a 104 s.  |b tab., sch.  |c 21 cm 
490 1 |a Studijní texty 
650 0 7 |a verejné knižnice  |2 SNK  |9 28929 
650 0 7 |a manažment  |2 phsnk  |9 922 
650 0 7 |a kontroling (manažment)  |2 SNK  |9 193161 
650 0 7 |2 konspekt  |a manažment knižníc  |9 67212 
655 7 |a príručky  |2 SNK  |9 74364 
700 1 |a Pilař, Jindřich  |4 prk  |9 10819 
710 0 |a Komission des Deutschen Bibliotheksinstituts für Organisation und Betrieb  |4 aut  |9 457798 
710 0 |a Expertengruppe Controlling in Öffentlichen Bibliotheken  |4 aut  |9 457799 
730 |a Controlling für Öffentliche Bibliotheken  |9 457800 
830 0 |a Studijní texty  |9 292969 
919 |a 80-7050-226-6 
999 |c 718211  |d 720141 
952 |a SNK  |b SNK  |y VYP  |7 0  |p 17A0096326  |o snkID 95673  |i snkF 141/2003  |0 0  |1 0  |4 0  |d 2003-03-18  |l 0  |r 2005-01-02 00:00:00  |w 2026-02-23